000
00327 a2200145 4500
001
49005
040
_c
Anchieta - Bela Vista
100
_a
Dansa, Lecticia
240
1
0
_a
A fábula da convivência
_l
por
245
1
0
_a
A fábula da convivência
300
_a
31
362
0
_a
2002
650
4
_a
Literatura infantil
942
_c
BK
999
_c
49005
_d
49005